00414nam a22001457a 4500003000400000008004100004020001800045100001800063245008300081260003800164300001000202650002500212700001700237700001400254OSt250227b |||||||| |||| 00| 0 eng d a9789348140821 aGOYAL, Mamta  aUnlocking Docker: A Comprehensive Guide to Containerization and Future Trends  aNew Delhi bNaples Indian c2024. a313p. aFaculty Publication  aRajat Yadav  aVijender